000
00263nam a2200109Ia 4500
008
220204s9999 xx 000 0 und d
082
_a
82-3AMB
_b
AMB
100
_a
Ambler, Eric
245
0
_a
Mask of Dimitrios etc
260
_a
London
_b
Heinemann
_c
1978
942
_c
BK
999
_c
29896
_d
29896